<?xml version="1.0" encoding="UTF-8"?>
<record
    xmlns:xsi="http://www.w3.org/2001/XMLSchema-instance"
    xsi:schemaLocation="http://www.loc.gov/MARC21/slim http://www.loc.gov/standards/marcxml/schema/MARC21slim.xsd"
    xmlns="http://www.loc.gov/MARC21/slim">

  <leader>01798nam a2200313 i 4500</leader>
  <controlfield tag="003">OSt</controlfield>
  <controlfield tag="005">20260514125535.0</controlfield>
  <controlfield tag="008">260514t20242024my ao  gr     000 0beng d</controlfield>
  <datafield tag="020" ind1=" " ind2=" ">
    <subfield code="a">9781399082099</subfield>
    <subfield code="c">RM139.90</subfield>
    <subfield code="q">hardback </subfield>
  </datafield>
  <datafield tag="040" ind1=" " ind2=" ">
    <subfield code="a">PPAK </subfield>
    <subfield code="b">eng</subfield>
    <subfield code="c">PPAK </subfield>
    <subfield code="e">rda </subfield>
  </datafield>
  <datafield tag="082" ind1="0" ind2="4">
    <subfield code="2">23</subfield>
    <subfield code="a">940.541352</subfield>
  </datafield>
  <datafield tag="090" ind1="0" ind2="0">
    <subfield code="a">940.541352</subfield>
    <subfield code="b">HEA</subfield>
    <subfield code="d">G</subfield>
  </datafield>
  <datafield tag="100" ind1="1" ind2=" ">
    <subfield code="a">Heath, Tim, </subfield>
    <subfield code="d">1965-</subfield>
    <subfield code="e">author. </subfield>
  </datafield>
  <datafield tag="245" ind1="1" ind2="4">
    <subfield code="a">The Nazi and Japanese Human Experimentation Programmes : </subfield>
    <subfield code="b">Biological War Crimes during WW2 / </subfield>
    <subfield code="c">Tim Heath </subfield>
  </datafield>
  <datafield tag="264" ind1=" " ind2="1">
    <subfield code="a">Great Britain : </subfield>
    <subfield code="b">PEN &amp; SWORD BOOKS HISTORY, </subfield>
    <subfield code="c">2024</subfield>
  </datafield>
  <datafield tag="264" ind1=" " ind2="4">
    <subfield code="c">&#xA9;2024</subfield>
  </datafield>
  <datafield tag="300" ind1=" " ind2=" ">
    <subfield code="a">vii, 166 pages, 2 unpaged :</subfield>
    <subfield code="b">illustrations, photographs ; </subfield>
    <subfield code="c">24 cm </subfield>
  </datafield>
  <datafield tag="336" ind1=" " ind2=" ">
    <subfield code="a">text</subfield>
    <subfield code="2">rdacontent</subfield>
  </datafield>
  <datafield tag="337" ind1=" " ind2=" ">
    <subfield code="a">unmediated</subfield>
    <subfield code="2">rdamedia</subfield>
  </datafield>
  <datafield tag="338" ind1=" " ind2=" ">
    <subfield code="a">volume</subfield>
    <subfield code="2">rdacarrier</subfield>
  </datafield>
  <datafield tag="504" ind1=" " ind2=" ">
    <subfield code="a">Bibliography : page [168].</subfield>
  </datafield>
  <datafield tag="520" ind1=" " ind2=" ">
    <subfield code="a">Among the most appalling cruelties perpetrated throughout the course of the Second World War was undoubtedly that of human medical and military experimentation conducted upon both living and deceased human beings. The various Nazi human experimentation programmes were initially carried out not so much in the pursuit of any particular scientific discipline, but largely as a result of the Third Reich&#x2019;s obsession with race and eugenics. However, this criminal sub-discipline of the Nazi fascination, with its warped racial ideologies, was excused as little other than collateral damage by many of the Nazi physicians and their assistants.</subfield>
  </datafield>
  <datafield tag="650" ind1="1" ind2="0">
    <subfield code="a">War crimes </subfield>
    <subfield code="z">Japan</subfield>
    <subfield code="x">History</subfield>
  </datafield>
  <datafield tag="650" ind1="2" ind2="0">
    <subfield code="a">War crimes </subfield>
    <subfield code="z">Germany </subfield>
    <subfield code="x">History</subfield>
  </datafield>
  <datafield tag="650" ind1="2" ind2="0">
    <subfield code="a">World War, </subfield>
    <subfield code="y">1939-1945</subfield>
    <subfield code="x">Biological warfare </subfield>
    <subfield code="z">Japan</subfield>
  </datafield>
  <datafield tag="650" ind1="2" ind2="0">
    <subfield code="a">World War, </subfield>
    <subfield code="y">1939-1945 </subfield>
    <subfield code="x">Biological warfare </subfield>
    <subfield code="z">Germany</subfield>
  </datafield>
  <datafield tag="650" ind1="2" ind2="0">
    <subfield code="a">Human experimentation in medicine </subfield>
    <subfield code="y">20th century</subfield>
  </datafield>
  <datafield tag="942" ind1=" " ind2=" ">
    <subfield code="2">ddc</subfield>
    <subfield code="c">B</subfield>
  </datafield>
  <datafield tag="999" ind1=" " ind2=" ">
    <subfield code="c">204278</subfield>
    <subfield code="d">204278</subfield>
  </datafield>
</record>
